Регионална библиотека "Любен Каравелов" - Русе

Истории от русенския бряг (Запис номер 185218)

MARC детайли
000 -Лидер
Контролно поле с фиксирана дължина 01545nam a2200409 c 4500
003 - Код на организацията, давaща контролен номер
Контролно поле BLK
005 - Дата и час на последна редакция
Контролно поле 20240315134818.0
008 - Елементи от данни с фиксирана дължина
fixed length control field 180411b bul|||||r ||||||| ||bul||
010 ## - Наследен системен номер
LC control number KNG00194211000
020 ## - Международен стандартен номер на книга ISBN
Международен стандартен номер на книга ISBN 978-954-8483-46-9
040 ## - Източник на каталожния запис
Идентификатор на билиотеката - собственик на записа BLK
041 ## - Код за език
Код за езика на текст/звукозапис или на отделно заглавие Български
Код за езика КДБФ Български
072 #7 - Код за тематичната категория
Код организация bullib
Код за тематична категория Н84
Текст Българска художествена литература Н
080 ## - УДК
Текстов определител УДК Българска литература
УДК код - определител по УДК 821.163.2
УДК определител -32
УДК - код + определител 821.163.2-32
100 1# - Редна дума - Автор
Автор Стойчев - Хърст, Данаил
Авторска отговорност първи автор
R(LIN) 343748
139 ## - Редно поле
Редна дума Хърст, Даниел
Авторски знак Хъ - Х 96
245 10 - Сведения за заглавието
Заглавие Истории от русенския бряг
Подзаглавни данни Разкази и новели
Редно поле (дума) Данаил Стойчев - Хърст; * Данаил Христов Стойчев; * Даниел Хърст.
257 ## - Страна на издаване
Страна на създаване/издаване България
260 ## - Област на издателските данни
Име на издателя, разпространителя и проч. Парнас
Година на издаване 2016
300 ## - Физическа характеристика
Страници 72 с.
Илюстрации и др. с ил.
Размери/Мащаб 21 см
380 ## - Жанр
Жанр Худож. лит.
500 ## - Общи забележки
Забележка Даниел Хърст - псевд. на Данаил Христов Стойчев.
653 ## - Ключова дума – ненормативна
Ключова дума разкази
653 ## - Ключова дума – ненормативна
Ключова дума новели
659 ## - Тематичен бюлетин
Тематичен бюлетин Н
700 1# - Други автори (авторска отговорност)
Лично име Стойчев, Данаил Христов
Автороска отговорност (Описва отношението между автора и произведението) *
9 (RLIN) 368946
700 1# - Други автори (авторска отговорност)
Лично име Хърст, Даниел
Автороска отговорност (Описва отношението между автора и произведението) *
9 (RLIN) 368948
852 ## - Местоположение
Форматна сигнатура Цб 282948
852 ## - Местоположение
Форматна сигнатура К 821.163.2/Х 96 Д
856 4# - Електронен адрес и достъп
Електронен формат pdf - файл
856 4# - Електронен адрес и достъп
Електронен формат pdf - файл
999 ## - СИСТЕМНИ КОНТРОЛНИ НОМЕРА
Koha biblionumber 185218
Koha biblioitemnumber 185218
942 ## - АРТИКУЛИ
Вид на библиотечния материал Книги
Скрит в OPAC Не
Koha issues (borrowed), all copies 5
Периодичен библиозапис Да
944 ## - СЪЗДАВАНЕ И РЕДАКЦИЯ на ЗАПИСА
Създаване/Редакция Създаване
Дата на регистрацията/редакция 21.10.2016
Статус, дата на статуса Мира Стойчева
Служител, извършил регистрацията/редакцията 30532
944 ## - СЪЗДАВАНЕ И РЕДАКЦИЯ на ЗАПИСА
Създаване/Редакция Редакция
Дата на регистрацията/редакция 28.11.2016
Статус, дата на статуса ф /
Служител, извършил регистрацията/редакцията Людмила_Стоянова
999 ## - СИСТЕМНИ КОНТРОЛНИ НОМЕРА
Koha biblioitemnumber 185218
999 ## - СИСТЕМНИ КОНТРОЛНИ НОМЕРА
Koha biblioitemnumber 185218
Наличности
Код за отписване Код за изгубен артикул Код за повреда Коз за рестрикции Код за отдаване Артикулен № Име на библиотеката - собственик Име на библиотеката, в която се намира в момента Статус (Текущо местоположение) Дата на вписване в системата Местоположение - отдел Цена в лева Инвентарен номер Систематично азбучна сигнатура Баркод Номер на екземпляра Цена в евро Служебна бележка Служебен тип на артикула Източник на класификационната схема
  Не е изгубен Не е повреден без рестрикции ползва се в читалня 320691 Регионална библиотека "Любен Каравелов" Русе Регионална библиотека "Любен Каравелов" Русе Хранилище 2016-10-24 Основен фонд - ползва се само за читалня 8.00 120000805198 Цб 282948 120000805198 1 4.09 Дост: DA Вид: А N: 36 Дата: 24.10.2016 Книги  
  Не е изгубен Не е повреден без рестрикции ползва се в читалня 320692 Регионална библиотека "Любен Каравелов" Русе Регионална библиотека "Любен Каравелов" Русе Краезнание 2016-10-24 Краезнание 8.00 120000805199 К 821.163.2/Х 96 Д 120000805199 2 4.09 Дост: DA Вид: А N: 36 Дата: 24.10.2016 Дата инв: 08.11.2017 Бележки инв: К2017 Книги Universal Decimal Classification
  Не е изгубен Не е повреден без рестрикции ползва се в читалня 320693 Регионална библиотека "Любен Каравелов" Русе Регионална библиотека "Любен Каравелов" Русе Краезнание 2016-10-24 Краезнание 8.00 120000805200 К 821.163.2/Х 96 Д 120000805200 3 4.09 Дост: DA Вид: А N: 36 Дата: 24.10.2016 Дата инв: 15.11.2017 Бележки инв: К2017 Книги Universal Decimal Classification
  Не е изгубен Не е повреден без рестрикции заемане за дома 320694 Регионална библиотека "Любен Каравелов" Русе Регионална библиотека "Любен Каравелов" Русе Заемна - подръчен фонд 2016-10-24 Заемна - подръчен фонд 8.00 120000805201 П 886.7-32/Х 96 120000805201 4 4.09 Дост: DA Вид: А N: 36 Дата: 24.10.2016 Дата инв: 09.02.2018 Бележки инв: П2018 Книги  
  Не е изгубен Не е повреден без рестрикции заемане за дома 320695 Регионална библиотека "Любен Каравелов" Русе Регионална библиотека "Любен Каравелов" Русе Заемна - подръчен фонд 2016-10-24 Заемна - подръчен фонд 8.00 120000805202 П 886.7-32/Х 96 120000805202 5 4.09 Дост: DA Вид: А N: 36 Дата: 24.10.2016 Дата инв: 09.02.2018 Бележки инв: П2018 Книги  
  Не е изгубен Не е повреден без рестрикции заемане за дома 320696 Регионална библиотека "Любен Каравелов" Русе Регионална библиотека "Любен Каравелов" Русе Заемна - подръчен фонд 2016-10-24 Заемна - подръчен фонд 8.00 120000805203 П 886.7-32/Х 96 120000805203 6 4.09 Дост: DA Вид: А N: 36 Дата: 24.10.2016 Дата инв: 09.02.2018 Книги  
  Не е изгубен Не е повреден без рестрикции заемане за дома 320697 Регионална библиотека "Любен Каравелов" Русе Регионална библиотека "Любен Каравелов" Русе Детски отдел 2016-10-24 Детски отдел 8.00 120000805204 ДХ 886.7/Х 96 120000805204 7 4.09 Дост: DA Вид: А N: 36 Дата: 24.10.2016 Книги  
  Не е изгубен Не е повреден без рестрикции заемане за дома 320698 Регионална библиотека "Любен Каравелов" Русе Регионална библиотека "Любен Каравелов" Русе Детски отдел 2016-10-24 Детски отдел 8.00 120000805205 ДХ 886.7/Х 96 120000805205 8 4.09 Дост: DA Вид: А N: 36 Дата: 24.10.2016 Книги  
  Не е изгубен Не е повреден   ползва се в читалня 732852 Регионална библиотека "Любен Каравелов" Русе Регионална библиотека "Любен Каравелов" Русе Хранилище 2019-08-23 Хранилище 6.00   Цб 296427 120000835661   3.07   Книги Universal Decimal Classification
Vip Innovations Ltd, Rousse, Bulgaria 2025